000 00510pam a2200205 a 4500
001 934714
005 20180312093527.0
008 831028s1984 maua 001 0 eng
010 _a 83023615
020 _a087150443X
040 _aDLC
_cDLC
_dDLC
041 _aeng
080 _a515.15 SWO
082 0 0 _a515.15 SWO
_219
100 1 _a37
101 _aMAT
245 1 0 _aCalculus with analytic geometry /
_cEarl W. Swokowski.
906 _a7
_bcbc
_corignew
_d1
_eocip
_f19
_gy-gencatlg
942 _2ddc
_cBK
999 _c44775
_d44775